000 00619nam a2200157 a 4500
008 130627s2011 ||||||||||||||||| || u
020 _a9781444721522
050 _aPT 9877.21.A48 M5313
100 _aKallentoft, Mons
245 1 0 _aMidwinter sacrifice
_cby Mons Kallentoft and translated from the swedish by Neil Smith
260 _aLondon:
_bHodder and Stoughton
_c2011
300 _a440p.:
650 _aPOLICE--SWEDEN--FICTION
650 _aMURDER--INVESTIGATION--FICTION
995 _FCBU-MAIN LIBRARY (Kitwe)
_M1
_UAVAILABLE
_WJul 12, 2013
_ZFiction Collection
999 _c51188
_d51188